000 00779nam a2200181Ia 4500
008 100921s9999 xx 000 0 und d
082 _b9424
_a891.461 थ 63
100 _aटागोर रविंद्रनाथ.अनु. भागवत आचार्य व इतर.
245 _aरविंद्रनाथांच्या 101 कविता.
260 _bसाहित्य अकादमी,नवी दिल्ली.
_c1963
300 _a235
_b---
365 _b14
520 _aललित-काव्य.
630 _aरविंद्रनाथांच्या 101 कविता.
650 _aललित-काव्य.
730 _aरविंद्रनाथांच्या 101 कविता.
942 _cBOOK
999 _c758537
_d758534